Statistics for All Ariana Grande Songs

Click here to take the quiz!

General Stats

  • This quiz has been taken 76 times
    (19 since last reset)
  • The average score is 26 of 46

Answer Stats

Songs % Correct
Dangerous Woman
83%
Baby I
83%
Problem
83%
Break Free
75%
Be Alright
75%
One Last Time
75%
The Way
75%
Into You
75%
Side To Side
75%
Honeymoon Avenue
67%
Focus
67%
Knew Better
67%
Bang Bang
67%
Moonlight
67%
Love Me Harder
67%
Everyday
67%
My Everything
67%
Greedy
58%
Piano
58%
You'll Never Know
58%
Leave Me Lonely
58%
Thinking Bout You
58%
Touch It
58%
I Don't Care
58%
Almost Is Never Enough
58%
Let Me Love You
58%
Best Mistake
58%
Sometimes
50%
Just A Little Bit of Your Heart
50%
Tattooed Heart
50%
Right There
50%
Hands On Me
50%
Bad Decisions
50%
Why Try
50%
Better Left Unsaid
50%
Daydreamin
42%
Only 1
42%
Break Your Heart Right Back
42%
Be My Baby
42%
Lovin It
33%
You Don't Know Me
33%
Popular Song
33%
Jason's Song
25%
Step on Up
25%
Too Close
8%
Cadillac Song
8%

Score Distribution

Percentile by Number Answered

Percent of People with Each Score

Your Score History

You have not taken this quiz since the last reset